Инструментальный контролль параметров режима и качества электрической энергии в распределительных сетях нефтепромысловых районов; Электромеханические преобразователи энергии

Bibliografiske detaljer
Parent link:Электромеханические преобразователи энергии.— 2009.— С. 531-532
Hovedforfatter: Оглезнев А. В. Антон Васильевич
Andre forfattere: Ушаков В. Я. Василий Яковлевич (научный руководитель)
Sprog:russisk
Udgivet: 2009
Fag:
Format: MixedMaterials Book Chapter
KOHA link:https://koha.lib.tpu.ru/cgi-bin/koha/opac-detail.pl?biblionumber=197030

MARC

LEADER 00000naa2a2200000 4500
001 197030
005 20240115113849.0
035 |a (RuTPU)RU\TPU\book\214928 
090 |a 197030 
100 |a 20110603d2009 k y0rusy50 ca 
101 0 |a rus 
102 |a RU 
200 1 |a Инструментальный контролль параметров режима и качества электрической энергии в распределительных сетях нефтепромысловых районов  |f А. В. Оглезнев  |g науч. рук. В. Я. Ушаков 
463 0 |0 (RuTPU)RU\TPU\book\208678  |t Электромеханические преобразователи энергии  |o материалы IV Международной научно-технической конференции, 13-16 октября 2009 г., Томск  |f Российский фонд фундаментальных исследований (РФФИ) ; Томская область, Администрация ; Томский политехнический университет   |v С. 531-532  |d 2009  |p 556 с. 
610 1 |a электрическая энергия 
610 1 |a качество 
610 1 |a распределительные сети 
610 1 |a нефтепромыслы 
610 1 |a труды учёных ТПУ 
700 1 |a Оглезнев  |b А. В.  |c специалист в области электротехники  |c начальник отдела Томского политехнического университета  |f 1984-  |g Антон Васильевич  |3 (RuTPU)RU\TPU\pers\36139 
702 1 |a Ушаков  |b В. Я.  |c специалист в области электроэнергетики  |c профессор Томского политехнического университета, доктор технических наук  |f 1939-  |g Василий Яковлевич  |3 (RuTPU)RU\TPU\pers\10509  |4 727  |9 2236 
801 1 |a RU  |b 63413507  |c 20110603 
801 2 |a RU  |b 63413507  |c 20160205  |g RCR 
942 |c BK